000 00922cam a2200289 a 4500
001 16152072
005 20171221091153.0
008 100324s2007 inua b 000 0 eng d
010 _a 2010291373
020 _a1934009067
020 _a9781934009062
035 _a(OCoLC)ocn173351110
040 _aYDXCP
_cYDXCP
_dTXA
_dSHH
_dOCLCG
_dUPM
_dAKP
_dNIE
_dDLC
041 _aeng
042 _alccopycat
043 _an-us---
080 _a371.26 REE
082 0 4 _a371.26 REE
100 _a46
101 _aEDU
245 0 0 _aAhead of the curve :
_c[Douglas Reeves, editor].
504 _aIncludes bibliographical references.
906 _a7
_bcbc
_ccopycat
_d2
_encip
_f20
_gy-gencatlg
942 _2ddc
_cBK
999 _c39293
_d39293